| 000 | 00490nam a22001697a 4500 | ||
|---|---|---|---|
| 999 |
_c57547 _d57547 |
||
| 005 | 20211220122706.0 | ||
| 008 | 200728s2011 dk ||||| |||| 00| 0 dmh d | ||
| 020 | _a9783150099124 | ||
| 041 | _admh | ||
| 080 | _a1(09) F-63 | ||
| 100 |
_aFlasch, Kurt _99062 |
||
| 245 |
_aGeschichte der Philosophie in Text und Darstellung. Mittelalter : _bReclam / _cFlasch Kurt. |
||
| 264 |
_aStuttgart, _c2011. |
||
| 300 |
_a543 p. _b15 cm. |
||
| 653 | _aფილოსოფია | ||
| 942 |
_2udc _cBK |
||